000 00293nam a22001337a 4500
003 SGT
082 _a615.53
_bC16T
100 _aTRIPATHI, BRAHMANAND
245 _aCHARAK SAMHITA
260 _aVARANASI
_bCHAUKHAMBHA PUB
_c2016
300 _a1052
650 _aCHARAK SAMHITA
942 _2ddc
_cBK
_04
999 _c8731
_d8731